|
|
|
|
| LEADER |
00000cam a2200000 c 4500 |
| 001 |
1030951926 |
| 003 |
DE-627 |
| 005 |
20251224212809.0 |
| 007 |
tu |
| 008 |
180918s2018 pl ||||| 00| ||pol c |
| 020 |
|
|
|a 9788380984271
|9 978-83-8098-427-1
|
| 035 |
|
|
|a (DE-627)1030951926
|
| 035 |
|
|
|a (DE-599)GBV1030951926
|
| 040 |
|
|
|a DE-627
|b ger
|c DE-627
|e rda
|
| 041 |
|
|
|a pol
|
| 044 |
|
|
|c XA-PL
|
| 082 |
0 |
|
|a 200.9
|q DE-604
|2 22/ger
|
| 082 |
0 |
|
|a 909
|q DE-604
|2 22/ger
|
| 084 |
|
|
|a 1
|2 ssgn
|
| 192 |
|
|
|a 1
|
| 245 |
0 |
0 |
|a Stefan Wyszyński wobec oporu społecznego i opozycji 1945-1981
|c Ewa K. Czaczkowska [redakcja]
|
| 264 |
|
1 |
|a Warszawa
|b Instytut Pamięci Narodowej. Komisja Ścigania Zbrodni Przeciwko Narodowi Polskiemu ; Wydawnictwo Naukowe UKSW
|c 2018
|
| 300 |
|
|
|a 310 Seiten
|
| 336 |
|
|
|a Text
|b txt
|2 rdacontent
|
| 337 |
|
|
|a ohne Hilfsmittel zu benutzen
|b n
|2 rdamedia
|
| 338 |
|
|
|a Band
|b nc
|2 rdacarrier
|
| 689 |
0 |
0 |
|d p
|0 (DE-588)118635786
|0 (DE-627)079423132
|0 (DE-576)165358440
|2 gnd
|a Wyszyński, Stefan
|d 1901-1981
|
| 689 |
0 |
1 |
|d s
|0 (DE-588)4055707-8
|0 (DE-627)10446674X
|0 (DE-576)209115076
|2 gnd
|a Soziale Bewegung
|
| 689 |
0 |
2 |
|d s
|0 (DE-588)4079262-6
|0 (DE-627)104675039
|0 (DE-576)209211776
|2 gnd
|a Widerstand
|
| 689 |
0 |
3 |
|d g
|0 (DE-588)4046496-9
|0 (DE-627)106197762
|0 (DE-576)209069872
|2 gnd
|a Polen
|
| 689 |
0 |
4 |
|q z
|2 gnd
|a Geschichte 1945-1981
|
| 689 |
0 |
|
|5 DE-101
|
| 700 |
1 |
|
|8 1\p
|e HerausgeberIn
|0 (DE-588)1089641222
|0 (DE-627)853413282
|0 (DE-576)460110586
|4 edt
|a Czaczkowska, Ewa K.
|d 1961-
|
| 883 |
|
|
|8 1\p
|a cgwrk
|d 20241001
|q DE-101
|u https://d-nb.info/provenance/plan#cgwrk
|
| 935 |
|
|
|a mteo
|
| 951 |
|
|
|a BO
|
| ACO |
|
|
|a 1
|
| ELC |
|
|
|b 1
|
| LOK |
|
|
|0 000 xxxxxcx a22 zn 4500
|
| LOK |
|
|
|0 001 3725632898
|
| LOK |
|
|
|0 003 DE-627
|
| LOK |
|
|
|0 004 1030951926
|
| LOK |
|
|
|0 005 20200717145521
|
| LOK |
|
|
|0 008 200717||||||||||||||||ger|||||||
|
| LOK |
|
|
|0 035
|a (DE-Tue135)BVBBV045169988
|
| LOK |
|
|
|0 040
|a DE-Tue135
|c DE-627
|d DE-Tue135
|
| LOK |
|
|
|0 092
|o n
|
| LOK |
|
|
|0 852
|a DE-Tue135
|
| LOK |
|
|
|0 852 1
|9 00
|
| LOK |
|
|
|0 935
|a bsbo
|
| LOK |
|
|
|0 939
|a 17-07-20
|b l01
|
| ORI |
|
|
|a SA-MARC-ixtheoa001.raw
|
| REL |
|
|
|a 1
|
| SPR |
|
|
|a 1
|t IXT
|
| STA |
0 |
0 |
|a Poles,Poland,Polish people,Resistance,Resistance,Resistance,Political resistance,Underground movements, War,Social movement,Movement,Popular movement
|
| STB |
0 |
0 |
|a Mouvement social,Polonais,Résistance,Résistance,Résistance,Mouvements de résistance
|
| STC |
0 |
0 |
|a Movimiento social,Polacos,Resistencia,Resistencia,Resistencia
|
| STD |
0 |
0 |
|a Movimenti sociali,Polacchi,Resistenza,Resistenza,Resistenza
|
| STE |
0 |
0 |
|a 抗拒,抵抗,抵抗,阻力,阻力,波兰,社会运动
|
| STF |
0 |
0 |
|a 抗拒,抵抗,抵抗,阻力,阻力,波蘭,社會運動
|
| STG |
0 |
0 |
|a Movimento social,Poloneses,Resistência,Resistência,Resistência
|
| STH |
0 |
0 |
|a Поляки (народ),Сопротивление (психология),Сопротивление (мотив),Сопротивление,Социальное движение
|
| STI |
0 |
0 |
|a Αντίσταση (ψυχολογία),Αντίσταση (μοτίβο),Αντίσταση,Κοινωνικό κίνημα,Πολωνοί
|
| SUB |
|
|
|a REL
|
| SYG |
0 |
0 |
|a Wyszyński, Stephan,1901-1981,Wyszyński, Stefan,Kardinal,1901-1981,Wyszyński, Stefan,Cardinal,1901-1981,Wyszyński, Stefan,Cardinal,1901-1981,Wyszyński, Stephan,Kardinal,1901-1981,Wyszyński, Stephan,Cardinal,1901-1981,Stefan Kardinal Wyszyński,1901-1981 , Bewegung,Sozialbewegung,Volksbewegung,Soziale Bewegungen , Widerstandsbewegung,Politischer Widerstand,Politischer Widerstand,Widerstandsbewegung , Polen,Polen,Poland , Generalgouvernement Polen,Polska,Rzeczpospolita Polska,Polska Rzeczpospolita Ludowa,Poland,Pologne,République Polonaise,Generalne Gubernatorstwo w Polsce,Polish People's Republic,Polska Rzeczpospolita,PRL,RP,Polen,Polska,Besetzte Polnische Gebiete,Besetztes Gebiet in Polen,Okupowane Polskie Obszary,Obszary Okupowane w Polsce,Volksrepublik Polen,Polska Rosyjska,Republic Polen,Respublika Pol'ša,Pol'skaja Narodnaja Respublika,République de Pologne,Polen Links der Weichsel,Polska po Lewej Stronie Wisły,Lenkija,Polija,Gubernija Carstva Pol'skago,Republik Polen
|
| TIM |
|
|
|a 100019450101_100019811231
|b Geschichte 1945-1981
|